| 000 | 00454nam a2200169Ia 4500 | ||
|---|---|---|---|
| 005 | 20240510033929.0 | ||
| 008 | 240331s9999 xx 000 0 und d | ||
| 020 | _a02567520 | ||
| 082 |
_bBEY _a332 |
||
| 245 | 0 |
_aBeyond the financial crisis : _bpeople's responses and alternatives in action |
|
| 260 |
_aHong Kong _bAsian Exchange _c1999 |
||
| 300 | _aviii, 200 p ., | ||
| 650 | _aWomen | ||
| 650 | _aEconomic | ||
| 700 |
_aButalia, U _eedt |
||
| 942 | _cL | ||
| 999 |
_c2674 _d2674 |
||